000 00733nam a2200217Ia 4500
001 21760
005 20260407134608.0
008 260320s9999||||xx |||||||||||||| ||und||
020 _a9780470543566
041 _aING
082 _a004.68
_bI54
100 _aIniewski, Krzysztof,
_eEDT
245 0 _aConvergence of mobile and stationary next-generation networks
260 _aHoboken :
_bJohn Wiley & Sons,
_c2010
300 _axiii, 790 páginas :
_bfiguras, tablas ;
_c24 cm.
650 _aGEN
653 _aCiencia de la computación; Redes locales
654 _aCET
856 _uhttps://login.ucsp.lookproxy.com/login?url=https://ieeexplore.ieee.org/
_zVéase además: Base de datos IEEE Xplore
942 _cLIB
_dJUS
_fTRC
_2ddc
999 _c21760
_d21760